| 000 | 00350nam a2200145Ia 4500 | ||
|---|---|---|---|
| 008 | 230312s9999||||xx |||||||||||||| ||und|| | ||
| 020 | _a9780470687260 | ||
| 082 |
_a775 _bLEW-D |
||
| 100 | _aRoth,Richard | ||
| 245 | 0 | _aDesign basics. 3D | |
| 260 |
_bWiley _aUS by CJ Krehbi _c2010 |
||
| 300 | _a366 | ||
| 650 |
_aComputer _vPhotography |
||
| 942 | _cBK | ||
| 999 |
_c17127 _d17127 |
||